Tonalités par armure - Statistiques

Statistiques générales
  • Ce quiz a été pris 66 fois
  • Le résultat moyen est 19 sur 30
Statistiques - réponses
Armure Majeur % Correct
Aucune altération constitutive Do
86%
1 dièse Sol
81%
3 dièses La
79%
2 dièses
76%
La
74%
4 dièses Mi
74%
5 dièses Si
74%
1 bémol Fa
71%
Mi
69%
Si
67%
7 bémols Do bémol
64%
64%
6 bémols Sol bémol
62%
5 bémols Ré bémol
60%
Sol
60%
Do
57%
Fa
57%
6 dièses Fa dièse
57%
4 bémols La bémol
57%
La bémol
57%
3 bémols Mi bémol
57%
2 bémols Si bémol
57%
7 dièses Do dièse
55%
Fa dièse
55%
Do dièse
52%
Mi bémol
52%
Si bémol
52%
La dièse
50%
Ré dièse
50%
Sol dièse
50%
Aucun quiz correspondant
Distribution des résultats
% des personnes avec chaque résultat
Percentile par nombre de réponses
Votre historique - résultats
Vous n’avez pas pris ce quiz